[Event "SR 2. liga A 2012/2013"]
[Site "?"]
[Date "2013.03.17"]
[Round "61.4"]
[White "Dvorsky, Jozef"]
[Black "Mihalik, Anton"]
[Result "1/2-1/2"]
[WhiteElo "2020"]
[BlackElo "1953"]
[PlyCount "46"]
[EventDate "2012.??.??"]
[WhiteTeam "Gabcikovo"]
[BlackTeam "Piestany"]

1. e4 c5 2. Nf3 d6 3. c4 Nc6 4. d4 cxd4 5. Nxd4 Bd7 6. Be2 Nf6 7. Nc3 a6 8. Be3
e6 9. O-O Be7 10. Qd2 O-O 11. Rac1 Rc8 12. b3 Nxd4 13. Bxd4 Bc6 14. f3 Qc7 15.
Rfd1 Rfd8 16. b4 Qb8 17. Bb6 Rf8 18. b5 axb5 19. cxb5 Be8 20. Qe3 Nd7 21. Ba7
Qa8 22. a4 Nc5 23. Bb6 Nd7 1/2-1/2

[Event "SR 2. liga A 2012/2013"]
[Site "?"]
[Date "2013.03.17"]
[Round "61.5"]
[White "Nemsak, Denis"]
[Black "Kosar, Mikulas ml"]
[Result "1-0"]
[WhiteElo "1873"]
[BlackElo "1968"]
[PlyCount "79"]
[EventDate "2012.??.??"]
[WhiteTeam "Piestany"]
[BlackTeam "Gabcikovo"]

1. c4 d5 2. cxd5 Nf6 3. g3 Nxd5 4. Bg2 e5 5. Nc3 Nxc3 6. bxc3 Bd6 7. Nf3 O-O 8.
O-O c6 9. e4 Bg4 10. Qb3 b6 11. d4 Nd7 12. Re1 h6 13. Bb2 Qe7 14. Nd2 Kh8 15.
Nf1 Bh5 16. Ne3 Bg6 17. Nf5 Bxf5 18. exf5 Rac8 19. dxe5 Bc5 20. c4 Qg5 21. Qc2
Rfe8 22. Rad1 Nf8 23. Bf3 Qe7 24. Bc3 a5 25. f6 Qe6 26. fxg7+ Kxg7 27. Re4 Kg8
28. Rh4 Rcd8 29. Rxd8 Rxd8 30. Bg4 Qxc4 31. e6 Nxe6 32. Rxh6 Bd4 33. Bxe6 fxe6
34. Qg6+ Kf8 35. Bxd4 Qxd4 36. h4 Qd1+ 37. Kh2 Qd4 38. Qc2 Kg7 39. Rxe6 Kf8 40.
Qf5+ 1-0

[Event "SR 2. liga A 2012/2013"]
[Site "?"]
[Date "2013.03.17"]
[Round "61.6"]
[White "Bertalan, Balint"]
[Black "Slaby, Jozef"]
[Result "1/2-1/2"]
[WhiteElo "1843"]
[BlackElo "1890"]
[PlyCount "110"]
[EventDate "2012.??.??"]
[WhiteTeam "Gabcikovo"]
[BlackTeam "Piestany"]

1. b3 d5 2. Bb2 Nf6 3. e3 Bf5 4. Nf3 e6 5. Nh4 Bg6 6. Nxg6 hxg6 7. g3 Nbd7 8.
Bg2 c6 9. d3 Qa5+ 10. Nd2 Bb4 11. a3 Bd6 12. b4 Qc7 13. c4 Be5 14. d4 Bd6 15.
c5 Be7 16. Rc1 a6 17. Qe2 O-O-O 18. a4 Nb8 19. Nb3 Rh7 20. b5 Rdh8 21. b6 Qd8
22. h3 Ne4 23. Na5 Bf6 24. Qg4 Rh5 25. Bxe4 dxe4 26. Nc4 Be7 27. Ne5 Rf5 28.
Qxe4 Qd5 29. Qxd5 exd5 30. Ke2 Nd7 31. Nxd7 Kxd7 32. g4 Rf6 33. Rcd1 Re6 34. f3
Bg5 35. f4 Bxf4 36. Bc1 Bg5 37. Rdf1 Bf6 38. g5 Bxg5 39. Rxf7+ Re7 40. Rxe7+
Kxe7 41. Rg1 Bf6 42. Rg3 Rh4 43. Bd2 Re4 44. Kd3 Kf7 45. Rg4 Re8 46. e4 dxe4+
47. Rxe4 Rh8 48. Re3 Rh4 49. Bc3 Rh5 50. Be1 Rd5 51. Re4 Rf5 52. Bd2 Rd5 53.
Bc3 Be7 54. Kc4 Rf5 55. Bd2 g5 1/2-1/2

[Event "SR 2. liga A 2012/2013"]
[Site "?"]
[Date "2013.03.17"]
[Round "61.7"]
[White "Curidlo, Jan"]
[Black "Kosar, Mikulas st"]
[Result "1-0"]
[WhiteElo "1880"]
[BlackElo "1738"]
[PlyCount "73"]
[EventDate "2012.??.??"]
[WhiteTeam "Piestany"]
[BlackTeam "Gabcikovo"]

1. e4 e5 2. Nf3 Nf6 3. Nc3 Nc6 4. Bc4 Be7 5. O-O O-O 6. d3 h6 7. a3 d6 8. h3 a6
9. b4 b5 10. Ba2 Re8 11. Be3 Be6 12. Nd5 Bf8 13. Rc1 Nb8 14. c4 Nbd7 15. Rc2 c6
16. Nxf6+ Nxf6 17. Qd2 Rc8 18. Rfc1 Qd7 19. Kh2 Qb7 20. Nh4 Red8 21. f4 Qb8 22.
f5 Bd7 23. Qf2 Kh8 24. cxb5 cxb5 25. Bxf7 Rxc2 26. Rxc2 Qb7 27. Bb6 Rc8 28.
Rxc8 Qxc8 29. Qg3 Bc6 30. Be3 Qd8 31. Bxh6 gxh6 32. Ng6+ Kh7 33. Nxf8+ Qxf8 34.
Qg6+ Kh8 35. Qxf6+ Kh7 36. Bg6+ Kg8 37. Bh7+ 1-0

[Event "SR 2. liga A 2012/2013"]
[Site "?"]
[Date "2013.03.17"]
[Round "61.8"]
[White "Both, Tamas"]
[Black "Gubis, Vladimir"]
[Result "1-0"]
[WhiteElo "1747"]
[BlackElo "1834"]
[PlyCount "59"]
[EventDate "2012.??.??"]
[WhiteTeam "Gabcikovo"]
[BlackTeam "Piestany"]

1. e4 c5 2. d4 cxd4 3. Qxd4 a6 4. Be3 d6 5. Nc3 e6 6. Nf3 Qc7 7. O-O-O Nd7 8.
Qc4 Qb8 9. Ng5 Ne5 10. Qb3 h6 11. Nf3 Nd7 12. Bc4 Nc5 13. Qb6 Nd7 14. Qb3 Nc5
15. Bxc5 dxc5 16. Qb6 Be7 17. e5 g6 18. Ne4 Kf8 19. Nxc5 Qa7 20. Nd7+ Ke8 21.
Qxa7 Rxa7 22. Nb6 Bd8 23. Nxc8 Ra8 24. Nd6+ Kf8 25. Nxb7 Bb6 26. Rd7 Ne7 27.
Rhd1 Bxf2 28. Rd8+ Kg7 29. Rxh8 Kxh8 30. Rd7 1-0

[Event "SR 2. liga A 2012/2013"]
[Site "?"]
[Date "2013.03.17"]
[Round "62.1"]
[White "Drtina, Milan"]
[Black "Smolen, Jan"]
[Result "0-1"]
[WhiteElo "2202"]
[BlackElo "2361"]
[PlyCount "82"]
[EventDate "2012.??.??"]
[WhiteTeam "Trnava B"]
[BlackTeam "DNV A"]

1. e4 e6 2. d4 d5 3. Nd2 Nf6 4. Bd3 c5 5. exd5 Qxd5 6. Ngf3 cxd4 7. O-O Nc6 8.
Nb3 e5 9. Re1 Be7 10. Bg5 O-O 11. c3 Bg4 12. cxd4 exd4 13. Bxf6 Bxf6 14. Be4
Qd6 15. Bxc6 bxc6 16. Nbxd4 Rfd8 17. Qa4 Bxd4 18. Nxd4 Qf4 19. g3 Qf6 20. Ne2
h5 21. Nc3 Rd4 22. Qa5 Bf3 23. Qe5 Qd8 24. Re3 Bg4 25. f3 Be6 26. Rae1 h4 27.
R1e2 Qb6 28. g4 Rad8 29. Kg2 Bc4 30. Rf2 f6 31. Qf5 R4d7 32. Re8+ Rxe8 33. Qxd7
Bf7 34. Re2 Qb4 35. Qxc6 Qf4 36. Rf2 Qc1 37. Qb5 Qf4 38. Qd3 Re3 39. Qd8+ Kh7
40. Qd1 f5 41. Nd5 h3+ 0-1

[Event "SR 2. liga A 2012/2013"]
[Site "?"]
[Date "2013.03.17"]
[Round "62.2"]
[White "Oprea, Erik"]
[Black "Arendas, Marek"]
[Result "0-1"]
[WhiteElo "2125"]
[BlackElo "2085"]
[PlyCount "72"]
[EventDate "2012.??.??"]
[WhiteTeam "DNV A"]
[BlackTeam "Trnava B"]

1. c4 c6 2. d4 d5 3. Nc3 Nf6 4. Bf4 Bf5 5. c5 Ne4 6. Nxe4 Bxe4 7. f3 Bg6 8. e3
Qa5+ 9. Qd2 Qxd2+ 10. Kxd2 Nd7 11. Bd3 Bxd3 12. Kxd3 g6 13. Ne2 Bg7 14. b4 e5
15. Bg3 O-O 16. a4 a6 17. Nc3 f5 18. dxe5 Nxe5+ 19. Bxe5 Bxe5 20. Rab1 Rfe8 21.
Ne2 Re7 22. g3 Bg7 23. Nd4 Kf7 24. Rhe1 Ke8 25. Rb3 Kd7 26. Reb1 Rc8 27. Rc1
Bh6 28. Nc2 Rce8 29. b5 Rxe3+ 30. Nxe3 Rxe3+ 31. Kc2 Rxb3 32. f4 Re3 33. bxa6
bxa6 34. Rb1 Kc7 35. Rb6 Bf8 36. Rxa6 Bxc5 0-1

[Event "SR 2. liga A 2012/2013"]
[Site "?"]
[Date "2013.03.17"]
[Round "62.3"]
[White "Doucha, Ludvik"]
[Black "Hricak, Vasil"]
[Result "1-0"]
[WhiteElo "2072"]
[BlackElo "2124"]
[PlyCount "103"]
[EventDate "2012.??.??"]
[WhiteTeam "Trnava B"]
[BlackTeam "DNV A"]

1. e4 c5 2. c4 Nc6 3. Ne2 d6 4. d4 cxd4 5. Nxd4 g6 6. Nc3 Bg7 7. Be3 Nf6 8. Be2
O-O 9. O-O Bd7 10. Nc2 b6 11. f4 Rc8 12. Rc1 Na5 13. Na3 Nb7 14. Bf3 Bc6 15. b4
Qc7 16. Nab5 Qb8 17. Nd4 Bd7 18. Nd5 Rfe8 19. g4 e6 20. Nxf6+ Bxf6 21. Ne2 Rcd8
22. Qb3 Bg7 23. Ng3 Bc6 24. f5 exf5 25. exf5 Qc7 26. fxg6 hxg6 27. Bxc6 Qxc6
28. c5 Rxe3 29. Qxe3 dxc5 30. Qf3 Qxf3 31. Rxf3 Rd2 32. bxc5 Bd4+ 33. Kh1 Bxc5
34. Ne4 Rxa2 35. Nxc5 Nxc5 36. Rcf1 Ra4 37. h3 Ne4 38. Kg1 Nd2 39. Rf4 Rxf4 40.
Rxf4 a5 41. Kf2 b5 42. Rd4 Nc4 43. Rd5 b4 44. Rc5 Nd6 45. Rxa5 f5 46. Ra6 Ne4+
47. Ke3 Kf7 48. gxf5 gxf5 49. Kf4 Nc5 50. Rb6 Kg7 51. Kxf5 b3 52. Rb5 1-0

[Event "SR 2. liga A 2012/2013"]
[Site "?"]
[Date "2013.03.17"]
[Round "62.4"]
[White "Machalova, Maria"]
[Black "Liptak, Dusan"]
[Result "1/2-1/2"]
[WhiteElo "2105"]
[BlackElo "2060"]
[PlyCount "64"]
[EventDate "2012.??.??"]
[WhiteTeam "DNV A"]
[BlackTeam "Trnava B"]

1. c4 e5 2. Nc3 g6 3. g3 Bg7 4. Bg2 d6 5. d3 f5 6. e3 Nf6 7. Nge2 O-O 8. O-O c6
9. Rb1 a5 10. a3 Be6 11. b4 axb4 12. axb4 d5 13. cxd5 cxd5 14. Qb3 Qd7 15. d4
e4 16. b5 Qf7 17. Ba3 Rc8 18. Na4 Nbd7 19. Rfc1 Bf8 20. Bxf8 Qxf8 21. Nec3 Ne8
22. Bf1 Nd6 23. Na2 Nc4 24. Bxc4 dxc4 25. Qc2 Qd6 26. N2c3 Nb6 27. Nc5 Bd5 28.
Ra1 Kf8 29. N3a4 Ke7 30. Qc3 Nxa4 31. Rxa4 Rxa4 32. Nxa4 b6 1/2-1/2

[Event "SR 2. liga A 2012/2013"]
[Site "?"]
[Date "2013.03.17"]
[Round "62.5"]
[White "Puchart, Vladimir"]
[Black "Sosovicka, Juraj"]
[Result "0-1"]
[WhiteElo "2051"]
[BlackElo "2089"]
[PlyCount "64"]
[EventDate "2012.??.??"]
[WhiteTeam "Trnava B"]
[BlackTeam "DNV A"]

1. d4 Nf6 2. c4 c5 3. d5 b5 4. g3 d6 5. Bg2 g6 6. e4 bxc4 7. f4 Bg7 8. e5 Nfd7
9. e6 Nb6 10. f5 gxf5 11. Qh5 O-O 12. Nh3 fxe6 13. Ng5 h6 14. Nxe6 Bxe6 15.
dxe6 d5 16. O-O Qe8 17. Qxe8 Rxe8 18. Rxf5 Nc6 19. Nc3 Rf8 20. Rh5 Nb4 21. Bxh6
Bd4+ 22. Kh1 Rf2 23. Rf1 Nd3 24. Nxd5 Nxd5 25. Rxd5 Rb8 26. b3 c3 27. Bc1 Rxf1+
28. Bxf1 Nxc1 29. Rg5+ Kh7 30. Bg2 Nxa2 31. Be4+ Kh8 32. h4 Nb4 0-1

[Event "SR 2. liga A 2012/2013"]
[Site "?"]
[Date "2013.03.17"]
[Round "62.6"]
[White "Sosovicka, Matej"]
[Black "Sturdik, Igor"]
[Result "1-0"]
[WhiteElo "2001"]
[BlackElo "2027"]
[PlyCount "85"]
[EventDate "2012.??.??"]
[WhiteTeam "DNV A"]
[BlackTeam "Trnava B"]

1. e4 Nf6 2. e5 Nd5 3. d4 d6 4. Nf3 Nc6 5. c4 Nb6 6. e6 fxe6 7. Nc3 e5 8. d5
Nd4 9. Nxd4 exd4 10. Qxd4 e5 11. dxe6 Bxe6 12. Be3 Be7 13. Qxg7 Bf6 14. Qh6
Nxc4 15. Ne4 Nxe3 16. Nxf6+ Kf7 17. Nh5 Nf5 18. Qf4 Qh4 19. g4 Bd7 20. O-O-O
Ke8 21. Bd3 Ne7 22. Rhe1 Kd8 23. Qf7 Be8 24. Qe6 Bd7 25. Qf7 Be8 26. Qf3 Qg5+
27. Kb1 Bc6 28. Qe2 Ng6 29. f4 Nxf4 30. Nxf4 Qxf4 31. Qe7+ Kc8 32. Bf5+ Kb8 33.
Qg7 Rd8 34. Qe7 Rh8 35. Qg7 Rd8 36. Re7 a6 37. Rxc7 d5 38. Rf7 Qxh2 39. Rc1 Qd6
40. Qxh7 d4 41. Rxc6 Qxc6 42. Be4 Rd5 43. Rxb7+ 1-0

[Event "SR 2. liga A 2012/2013"]
[Site "?"]
[Date "2013.03.17"]
[Round "62.7"]
[White "Puskar, Peter"]
[Black "Macka, Oto"]
[Result "1-0"]
[WhiteElo "2004"]
[BlackElo "2027"]
[PlyCount "77"]
[EventDate "2012.??.??"]
[WhiteTeam "Trnava B"]
[BlackTeam "DNV A"]

1. d4 Nf6 2. c4 e6 3. Nc3 Bb4 4. a3 Bxc3+ 5. bxc3 d6 6. e3 Nc6 7. Qc2 O-O 8.
Bd3 e5 9. Ne2 Re8 10. f3 b6 11. O-O Ba6 12. Rd1 Na5 13. c5 Bxd3 14. Rxd3 e4 15.
Rd1 d5 16. cxb6 axb6 17. f4 Qd7 18. h3 Nc4 19. Rf1 Qa4 20. Qa2 Na5 21. Rb1 Qc4
22. Qb2 Qd3 23. Kf2 Re6 24. f5 Rc6 25. g4 h6 26. Ra1 Nh7 27. h4 Nf6 28. Rg1 h5
29. gxh5 Nxh5 30. Rg5 g6 31. fxg6 fxg6 32. Ke1 Rf8 33. Qb4 Rd6 34. Ra2 Nc4 35.
Qb5 c6 36. Qb4 Rdf6 37. Nf4 Nxe3 38. Nxd3 exd3 39. Bxe3 1-0

[Event "SR 2. liga A 2012/2013"]
[Site "?"]
[Date "2013.03.17"]
[Round "62.8"]
[White "Karas, Marek"]
[Black "Kolenak, Matus"]
[Result "1-0"]
[WhiteElo "1951"]
[BlackElo "1916"]
[PlyCount "95"]
[EventDate "2012.??.??"]
[WhiteTeam "DNV A"]
[BlackTeam "Trnava B"]

1. d4 d5 2. c4 c6 3. Nf3 Nf6 4. e3 e6 5. b3 Nbd7 6. Bd3 Bd6 7. Bb2 O-O 8. O-O
Re8 9. Ne5 Qc7 10. f4 b6 11. Nd2 Bb7 12. Ndf3 Ne4 13. Rc1 c5 14. Qe2 f6 15.
Nxd7 Qxd7 16. Nd2 Rac8 17. cxd5 exd5 18. Nxe4 dxe4 19. Bb5 Bc6 20. Bc4+ Kh8 21.
d5 Bb7 22. Bb5 Qf7 23. Bxe8 Rxe8 24. Rfd1 Rd8 25. Qc4 Qg6 26. Rd2 h5 27. Rcd1
h4 28. Qe2 Bc8 29. Qf2 Qh5 30. h3 Ba6 31. Bc3 Kh7 32. Rb1 Bd3 33. Rbd1 Ba6 34.
a4 Rb8 35. Ra1 Bd3 36. Rb2 a5 37. Be1 g5 38. fxg5 fxg5 39. Qf5+ Qg6 40. Qd7+
Kh6 41. Rf2 Ba6 42. Bc3 Rf8 43. Bg7+ Qxg7 44. Qxd6+ Kh7 45. Rxf8 Qxa1+ 46. Kh2
Qg7 47. Rd8 g4 48. Rd7 1-0

[Event "SR 2. liga A 2012/2013"]
[Site "?"]
[Date "2013.03.17"]
[Round "63.1"]
[White "Certek, Pavel"]
[Black "Rachela, Milan"]
[Result "1/2-1/2"]
[WhiteElo "2315"]
[BlackElo "2364"]
[PlyCount "91"]
[EventDate "2012.??.??"]
[WhiteTeam "DP BA"]
[BlackTeam "D. Streda B"]

1. d4 Nf6 2. c4 e6 3. Nf3 Bb4+ 4. Bd2 c5 5. Bxb4 cxb4 6. a3 Na6 7. Qa4 bxa3 8.
Qxa3 d6 9. b4 O-O 10. b5 Nc7 11. Nc3 d5 12. c5 Bd7 13. e3 Ne4 14. Rb1 Qe8 15.
Nxe4 dxe4 16. Nd2 Nxb5 17. Qb2 a6 18. Nxe4 f5 19. Bxb5 Bxb5 20. Nd6 Qg6 21. f3
Bc6 22. O-O a5 23. Qe2 Ra7 24. Nc4 Rd8 25. Ne5 Qe8 26. Qb2 a4 27. Ra1 Ra5 28.
Qc3 Rda8 29. Nc4 R5a6 30. Rfb1 Qe7 31. Rb4 Rd8 32. Ne5 Qe8 33. Qc2 a3 34. Nxc6
bxc6 35. Ra4 Rxa4 36. Qxa4 e5 37. Qb3+ Kh8 38. dxe5 Qxe5 39. Qxa3 f4 40. Re1 h6
41. Qc1 fxe3 42. Qxe3 Qxe3+ 43. Rxe3 Rd5 44. Rc3 Rd2 45. Rc4 Kg8 46. Ra4
1/2-1/2

[Event "SR 2. liga A 2012/2013"]
[Site "?"]
[Date "2013.03.17"]
[Round "63.2"]
[White "Varga, David"]
[Black "Kleman, Miroslav"]
[Result "0-1"]
[WhiteElo "2289"]
[BlackElo "2187"]
[PlyCount "96"]
[EventDate "2012.??.??"]
[WhiteTeam "D. Streda B"]
[BlackTeam "DP BA"]

1. e4 e5 2. Nf3 f5 3. Nxe5 Qe7 4. d4 Nc6 5. Nc3 Nf6 6. Nxc6 dxc6 7. e5 Nd5 8.
Qh5+ g6 9. Qf3 Be6 10. h4 Qb4 11. Qd3 O-O-O 12. a3 Qa5 13. Bd2 Nb4 14. axb4
Qxa1+ 15. Nd1 c5 16. bxc5 Bxc5 17. Bc3 Bxd4 18. Bxd4 Rxd4 19. Qxd4 Rd8 20.
Qxd8+ Kxd8 21. Rh3 Qa5+ 22. Nc3 f4 23. Rd3+ Kc8 24. Rd4 Qxe5+ 25. Re4 Qf6 26.
Be2 Bd7 27. Kd2 Bc6 28. Bg4+ Kd8 29. Rc4 Qxh4 30. Rxf4 Bxg2 31. Ne2 Qg5 32. Kc3
c5 33. Kb3 h5 34. Be6 Bd5+ 35. Bxd5 Qxd5+ 36. Kc3 b5 37. b4 cxb4+ 38. Rxb4 Qc5+
39. Kb3 Qxf2 40. Nf4 a5 41. Rd4+ Kc8 42. c3 a4+ 43. Kb4 Qb2+ 44. Ka5 Qxc3+ 45.
Rb4 a3 46. Nd5 Qxb4+ 47. Nxb4 h4 48. Nc2 h3 0-1

[Event "SR 2. liga A 2012/2013"]
[Site "?"]
[Date "2013.03.17"]
[Round "63.3"]
[White "Tepper, Frantisek"]
[Black "Takacs, Laszlo"]
[Result "0-1"]
[WhiteElo "2162"]
[BlackElo "2134"]
[PlyCount "69"]
[EventDate "2012.??.??"]
[WhiteTeam "DP BA"]
[BlackTeam "D. Streda B"]

1. e4 c5 2. Nf3 e6 3. Nc3 Nc6 4. Bc4 a6 5. a4 Nf6 6. d4 cxd4 7. Nxd4 Bb4 8.
Nxc6 bxc6 9. O-O d5 10. exd5 cxd5 11. Bd3 h6 12. Ne2 O-O 13. Ng3 Re8 14. c3 Bd6
15. Bd2 Bb7 16. b4 Ne4 17. Bxe4 dxe4 18. c4 Qc7 19. Qe2 f5 20. c5 Be5 21. Rac1
Bd5 22. Bc3 Bf4 23. Ra1 a5 24. Qb2 axb4 25. Qxb4 Red8 26. Qb6 Qf7 27. Qb2 Bc4
28. Rfe1 Rab8 29. Qc2 Bb3 30. Qe2 Rd3 31. Qb2 Bxa4 32. Qa3 Bc6 33. Ne2 Bd2 34.
Rab1 Rxb1 35. Rxb1 0-1

[Event "SR 2. liga A 2012/2013"]
[Site "?"]
[Date "2013.03.17"]
[Round "63.4"]
[White "Jablonicky, Frantisek"]
[Black "Fabry, Robert"]
[Result "1/2-1/2"]
[WhiteElo "2173"]
[BlackElo "2165"]
[PlyCount "59"]
[EventDate "2012.??.??"]
[WhiteTeam "D. Streda B"]
[BlackTeam "DP BA"]

1. Nf3 Nf6 2. d4 d5 3. c4 e6 4. g3 c5 5. Bg2 cxd4 6. cxd5 Bb4+ 7. Bd2 Bxd2+ 8.
Qxd2 Qxd5 9. Qxd4 Nc6 10. Qxd5 Nxd5 11. O-O O-O 12. Rc1 Bd7 13. Nc3 Nxc3 14.
Rxc3 Rfc8 15. Rd1 Be8 16. Rdc1 Rd8 17. Rc5 Kf8 18. Kf1 Rd6 19. Ke1 Rad8 20. a3
b6 21. R5c2 Na5 22. Rd2 Rxd2 23. Nxd2 Rxd2 24. Kxd2 Nb3+ 25. Kd1 Nxc1 26. Kxc1
Ke7 27. Kd2 Kd6 28. Kc3 Bc6 29. Bxc6 Kxc6 30. Kd4 1/2-1/2

[Event "SR 2. liga A 2012/2013"]
[Site "?"]
[Date "2013.03.17"]
[Round "63.5"]
[White "Mikulas, Dusan"]
[Black "Blaho, Stefan"]
[Result "0-1"]
[WhiteElo "2102"]
[BlackElo "2134"]
[PlyCount "74"]
[EventDate "2012.??.??"]
[WhiteTeam "DP BA"]
[BlackTeam "D. Streda B"]

1. e4 c5 2. Nf3 d6 3. d4 cxd4 4. Nxd4 Nf6 5. Nc3 g6 6. f4 Nbd7 7. Nf3 Qc7 8.
Bd3 Bg7 9. O-O a6 10. a4 b6 11. Qe1 e5 12. Kh1 Bb7 13. Bd2 O-O 14. Qh4 Rac8 15.
fxe5 dxe5 16. Bh6 Nh5 17. Bg5 f6 18. Be3 Kh8 19. Nd2 Nc5 20. Bxc5 Qxc5 21. Nb3
Qb4 22. a5 b5 23. Na2 Qe7 24. Qe1 Nf4 25. Rd1 f5 26. Nc3 Rcd8 27. Qe3 Rc8 28.
Rfe1 h5 29. h3 h4 30. Kh2 Qg5 31. Rd2 Rcd8 32. Nc5 Bc6 33. b4 Rd4 34. Nd1 Rfd8
35. Rf2 fxe4 36. Bxe4 Rxd1 37. Bxc6 Qg3+ 0-1

[Event "SR 2. liga A 2012/2013"]
[Site "?"]
[Date "2013.03.17"]
[Round "63.6"]
[White "Rachela, Jozef"]
[Black "Kuna, Vladimir"]
[Result "1/2-1/2"]
[WhiteElo "2093"]
[BlackElo "2016"]
[PlyCount "32"]
[EventDate "2012.??.??"]
[WhiteTeam "D. Streda B"]
[BlackTeam "DP BA"]

1. d4 d5 2. Nf3 e6 3. c4 Nf6 4. Bg5 Be7 5. e3 O-O 6. Nc3 c6 7. Rc1 Nbd7 8. cxd5
exd5 9. Bd3 h6 10. Bh4 Ne4 11. Bxe7 Qxe7 12. O-O Nxc3 13. Rxc3 Nf6 14. Ne5 Nd7
15. Qh5 Nxe5 16. dxe5 Qg5 1/2-1/2

[Event "SR 2. liga A 2012/2013"]
[Site "?"]
[Date "2013.03.17"]
[Round "63.7"]
[White "Klimes, Milan"]
[Black "Merva, Frantisek"]
[Result "0-1"]
[WhiteElo "1871"]
[BlackElo "2006"]
[PlyCount "58"]
[EventDate "2012.??.??"]
[WhiteTeam "DP BA"]
[BlackTeam "D. Streda B"]

1. c4 e5 2. Nc3 Nc6 3. g3 Bc5 4. Bg2 a6 5. e3 Ba7 6. Nge2 Nf6 7. O-O O-O 8. d4
Rb8 9. d5 Ne7 10. h3 d6 11. Kh2 c6 12. e4 b5 13. Qd3 bxc4 14. Qxc4 cxd5 15.
Nxd5 Nfxd5 16. exd5 Qa5 17. Nc3 Rb4 18. Qe2 f5 19. a3 Rb7 20. Bg5 h6 21. Bd2
Rxb2 22. Qd1 Qd8 23. Qc1 Rb7 24. g4 fxg4 25. Bxh6 gxh6 26. Qxh6 Nf5 27. Qh5 Rh7
28. Qg6+ Rg7 29. Qh5 Rg5 0-1

[Event "SR 2. liga A 2012/2013"]
[Site "?"]
[Date "2013.03.17"]
[Round "64.1"]
[White "Rohacek, Miroslav"]
[Black "Dolnak, Michal"]
[Result "1-0"]
[WhiteElo "2308"]
[BlackElo "2115"]
[PlyCount "97"]
[EventDate "2012.??.??"]
[WhiteTeam "KSN"]
[BlackTeam "Krasnany"]

1. e4 e6 2. Qe2 c5 3. g3 Nc6 4. Nf3 e5 5. Bg2 g6 6. O-O Bg7 7. d3 Nge7 8. Be3
d6 9. c3 O-O 10. a3 a5 11. a4 f5 12. Qd2 Be6 13. Na3 b6 14. Ng5 Bc8 15. Qc2 f4
16. Qb3+ Kh8 17. Bd2 f3 18. Nxf3 h6 19. Kh1 Rf6 20. Ng1 Be6 21. Qc2 d5 22. Bh3
Bg8 23. Rae1 Rf8 24. f4 Rf6 25. Nf3 exf4 26. gxf4 dxe4 27. dxe4 Qb8 28. Be3 Qb7
29. Rd1 Raf8 30. Rd7 Qa8 31. Kg1 Be6 32. Bxe6 Rxe6 33. Rdd1 Nf5 34. Bf2 Nd6 35.
e5 Nf5 36. Nb5 Qb8 37. Qe4 g5 38. Bg3 g4 39. Nh4 Nce7 40. Nxf5 Nxf5 41. Rd7 Qe8
42. Rfd1 Qh5 43. Nc7 Re7 44. Rxe7 Nxe7 45. Rd7 Nf5 46. e6 Bf6 47. Nd5 Bh4 48.
Ne3 Nxg3 49. hxg3 1-0

[Event "SR 2. liga A 2012/2013"]
[Site "?"]
[Date "2013.03.17"]
[Round "64.2"]
[White "Slacky, Stanislav"]
[Black "Machalova, Veronika"]
[Result "0-1"]
[WhiteElo "2198"]
[BlackElo "2211"]
[PlyCount "96"]
[EventDate "2012.??.??"]
[WhiteTeam "Krasnany"]
[BlackTeam "KSN"]

1. d4 Nf6 2. c4 e6 3. Nf3 b6 4. g3 Bb7 5. Bg2 Bb4+ 6. Bd2 Be7 7. O-O O-O 8. Nc3
d6 9. Qc2 Nbd7 10. Rfd1 Re8 11. e4 e5 12. dxe5 Nxe5 13. Nxe5 dxe5 14. Bh3 Bd6
15. Be3 Qe7 16. Nd5 Nxd5 17. cxd5 g6 18. Rac1 Kg7 19. Qd2 Bb4 20. Qe2 Bd6 21.
Rc2 h5 22. Qd2 Rh8 23. Bg2 Bc8 24. f4 Bg4 25. Rf1 Bd7 26. fxe5 Bxe5 27. Bd4
Rac8 28. Bxe5+ Qxe5 29. Rfc1 f6 30. Qf4 Qd4+ 31. Qf2 Qe5 32. Bf1 h4 33. gxh4
Qxe4 34. Rc4 Qxd5 35. Rxc7 Rxc7 36. Rxc7 Qd6 37. Rxa7 Rc8 38. Rb7 Rc1 39. Qxb6
Qxb6+ 40. Rxb6 Bh3 41. Kf2 Rxf1+ 42. Kg3 Bf5 43. Rb5 Bd3 44. Rb6 Be4 45. h3 f5
46. h5 f4+ 47. Kh4 Rg1 48. hxg6 f3 0-1

[Event "SR 2. liga A 2012/2013"]
[Site "?"]
[Date "2013.03.17"]
[Round "64.3"]
[White "Kovac, Andrej"]
[Black "Bronis, Marian"]
[Result "1/2-1/2"]
[WhiteElo "2148"]
[BlackElo "2165"]
[PlyCount "44"]
[EventDate "2012.??.??"]
[WhiteTeam "KSN"]
[BlackTeam "Krasnany"]

1. Nf3 g6 2. d4 Bg7 3. c4 c5 4. d5 b5 5. cxb5 a6 6. b6 d6 7. Nc3 Nf6 8. e4 Qxb6
9. Be2 O-O 10. O-O a5 11. a4 Ba6 12. Nd2 Qb4 13. Bxa6 Nxa6 14. Qe2 Nd7 15. Ra3
c4 16. Na2 Qb7 17. Nxc4 Nb4 18. Rb3 Qa6 19. Nxb4 axb4 20. Rxb4 Rfb8 21. Rxb8+
Rxb8 22. Re1 Rb4 1/2-1/2

[Event "SR 2. liga A 2012/2013"]
[Site "?"]
[Date "2013.03.17"]
[Round "64.4"]
[White "Biro, Karol"]
[Black "Kralovic, Andrej"]
[Result "1-0"]
[WhiteElo "2156"]
[BlackElo "2139"]
[PlyCount "129"]
[EventDate "2012.??.??"]
[WhiteTeam "Krasnany"]
[BlackTeam "KSN"]

1. c4 c6 2. e4 d5 3. exd5 cxd5 4. cxd5 Nf6 5. Nc3 Nxd5 6. Nf3 e6 7. d4 Bb4 8.
Bd2 Nc6 9. Bb5 O-O 10. O-O Be7 11. Rc1 Nb6 12. Be3 Nb4 13. Ne5 a6 14. Be2 N4d5
15. Bd2 Bd7 16. Qb3 Nxc3 17. bxc3 Ba4 18. Qb2 Nd7 19. Nd3 Bc6 20. Nb4 Be4 21.
Rfe1 Qc7 22. Bf1 Nf6 23. c4 Bd6 24. g3 h6 25. c5 Be7 26. Bf4 Qd7 27. Be5 Bc6
28. Nxc6 bxc6 29. Rb1 Nd5 30. Qb7 Rfd8 31. Bg2 Ra7 32. Qxd7 Raxd7 33. Bxd5 Rxd5
34. Rb6 f6 35. Bf4 Rxd4 36. Rxc6 e5 37. Be3 Ra4 38. Rc7 Kf7 39. Re2 Rc4 40. Rb2
Rd1+ 41. Kg2 Ke8 42. Rbb7 Bf8 43. Ra7 Rb4 44. Rc8+ Rd8 45. Rxd8+ Kxd8 46. c6
Kc8 47. Ra8+ Rb8 48. Rxa6 Kc7 49. Bd2 Bb4 50. Bxb4 Rxb4 51. Ra7+ Kxc6 52. Rxg7
Kd5 53. Rg6 Ke6 54. Rxh6 Rb2 55. a4 e4 56. Kf1 Ra2 57. g4 Ke5 58. Rh5+ Kd4 59.
Rf5 Rxa4 60. Rxf6 Ke5 61. Rf5+ Ke6 62. h3 Ra3 63. Kg2 e3 64. fxe3 Rxe3 65. Rf3
1-0

[Event "SR 2. liga A 2012/2013"]
[Site "?"]
[Date "2013.03.17"]
[Round "64.5"]
[White "Kimerling, Martin"]
[Black "Petreje, Juraj"]
[Result "1/2-1/2"]
[WhiteElo "2027"]
[BlackElo "2150"]
[PlyCount "98"]
[EventDate "2012.??.??"]
[WhiteTeam "KSN"]
[BlackTeam "Krasnany"]

1. d4 g6 2. c4 Bg7 3. g3 c5 4. d5 d6 5. Nc3 a6 6. Bg2 Nd7 7. Nf3 Ngf6 8. O-O
O-O 9. h3 b5 10. cxb5 axb5 11. Nxb5 Ba6 12. Nc3 Nb6 13. Re1 Nfd7 14. e4 Qb8 15.
Qc2 Nc4 16. Rb1 Nce5 17. Nxe5 Nxe5 18. Rd1 Nc4 19. b3 Qb4 20. bxc4 Qxc3 21.
Qxc3 Bxc3 22. Bf1 Rfb8 23. Bg5 Kf8 24. Rxb8+ Rxb8 25. Rd3 Bg7 26. Rb3 Rxb3 27.
axb3 Bc3 28. Be3 Ke8 29. f4 Kd8 30. Kf2 Kc7 31. Ke2 Kb6 32. Bd2 Bxd2 33. Kxd2
Bc8 34. g4 h6 35. e5 Ka5 36. Kc3 g5 37. fxg5 hxg5 38. exd6 exd6 39. Bd3 Bd7 40.
Bf5 Be8 41. Bc8 f6 42. Bf5 Ka6 43. b4 cxb4+ 44. Kxb4 Kb6 45. Be4 Bd7 46. Bg6
Bc8 47. Bf5 Bb7 48. Be6 Ba6 49. Bd7 Bb7 1/2-1/2

[Event "SR 2. liga A 2012/2013"]
[Site "?"]
[Date "2013.03.17"]
[Round "64.6"]
[White "Kebis, Milos"]
[Black "Sebo, Viktor"]
[Result "0-1"]
[WhiteElo "2002"]
[BlackElo "2073"]
[PlyCount "90"]
[EventDate "2012.??.??"]
[WhiteTeam "Krasnany"]
[BlackTeam "KSN"]

1. c4 e5 2. g3 Nf6 3. Bg2 d5 4. cxd5 Nxd5 5. Nc3 Be6 6. Nf3 Nc6 7. O-O f6 8. d4
exd4 9. Nxd4 Nxd4 10. Qxd4 Nxc3 11. Qxc3 c6 12. Bf4 Qb6 13. Rfd1 Bc5 14. Qf3
O-O 15. b3 Rae8 16. e3 Rd8 17. g4 Qb4 18. h3 Bd5 19. e4 Bf7 20. Rac1 Rfe8 21.
Bc7 Rxd1+ 22. Rxd1 Bg6 23. e5 fxe5 24. Qe2 Rf8 25. Rf1 e4 26. Kh1 Qd4 27. Bg3
Qd3 28. Qxd3 exd3 29. f4 Bd6 30. Kh2 Rd8 31. Rd1 Bb4 32. f5 Bf7 33. Be4 d2 34.
Kg2 Rd4 35. Kf3 Bd5 36. Bxd5+ cxd5 37. Ke2 Re4+ 38. Kd3 Re1 39. Kc2 d4 40. Rxd2
Bxd2 41. Kxd2 Re3 42. Bf2 Rxh3 43. Ke2 d3+ 44. Kd1 Rh1+ 45. Kd2 Rh2 0-1